Normal view
MARC view
- Sudip Das
Entry Personal Name
001 - CONTROL NUMBER
- control field: 205709
003 - CONTROL NUMBER IDENTIFIER
- control field: OSt
005 - DATE AND TIME OF LATEST TRANSACTION
- control field: 20240216161526.0
008 - FIXED-LENGTH DATA ELEMENTS
- fixed length control field: 240216|| aca||aabn | a|a d
040 ## - CATALOGING SOURCE
- Original cataloging agency: OSt
- Transcribing agency: OSt
100 ## - HEADING--PERSONAL NAME
- Personal name: Sudip Das
- Personal name: Sugandha
670 ## - SOURCE DATA FOUND
- Source citation: Work cat.: (OSt)357089: Sudip Das Sugandha, Textbook of Pharmacology and Pathology-I for BSc Nursing Students Semester-III